Acta aerarii publici vedecký časopis Ekonomickej fakulty Univerzity Mateja Bela v Banskej Bystrici

Enregistré dans:
Détails bibliographiques
Format: Publication en série
Langue:slovaque
Publié: Banská Bystrica Belianum 2021
Tags: Ajouter un tag
Pas de tags, Soyez le premier à ajouter un tag!

MARC

LEADER 00000nas2a2200000 4500
001 0282883
005 20240820110609.5
022 |a 1336-8818 
041 0 |a slo 
044 |a SK 
245 1 0 |a Acta aerarii publici  |b vedecký časopis Ekonomickej fakulty Univerzity Mateja Bela v Banskej Bystrici 
264 1 |a Banská Bystrica  |b Belianum  |c 2021 
773 0 |w eu_un_cat*0059483 
774 0 |w eu_un_cat*0303682